[Event "Regionalliga NO 9900"]
[Site "Bayern"]
[Date "2000.??.??"]
[Round "7.6"]
[White "Wasl, Ernst"]
[Black "Muehlbauer, Andreas"]
[Result "0-1"]
[WhiteElo "2055"]
[BlackElo "1758"]
[PlyCount "164"]
[EventDate "1999.??.??"]
[EventType "team-tourn"]
[EventRounds "9"]
[EventCountry "GER"]
[SourceTitle "EXT 2020"]
[Source "ChessBase"]
[SourceDate "2019.10.17"]
[SourceVersion "1"]
[SourceVersionDate "2019.10.17"]
[SourceQuality "1"]
[WhiteTeam "Regensburg Fortuna II"]
[BlackTeam "Koetzting"]
[WhiteTeamCountry "GER"]
[BlackTeamCountry "GER"]

1. d4 Nf6 2. c4 c5 3. d5 b5 4. cxb5 a6 5. Nc3 axb5 6. e4 b4 7. Nb5 d6 8. Nf3 Nbd7 9. Bf4 Bb7 10. Bc4 Nb6 11. b3 Nxe4 12. Qe2 Nc3 13. Nxc3 bxc3 14. Bb5+ Nd7 15. Bxd6 Bxd5 16. Ne5 Be6 17. Bxc5 Qc7 18. b4 f6 19. Nf3 Bd5 20. 0-0 e6 21. Rfd1 Kf7 22. Bxd7 Qxd7 23. Qe3 Bxc5 24. bxc5 Qc6 25. Qxc3 Rhc8 26. Rdc1 Bxf3 27. gxf3 Ra7 28. Rc2 Rca8 29. a3 Ra4 30. Kg2 Rg4+ 31. Kh3 Rg5 32. Rd1 Rxc5 33. Rd7+ Ke8 34. Rc7 Rxc3 35. Rxc6 Rxc2 36. Rxc2 Rxa3 37. Rc7 Rxf3+ 38. Kg2 Rf5 39. h4 Kf8 40. Kg3 Rd5 41. Kg4 Rd4+ 42. Kg3 Rd8 43. h5 h6 44. Ra7 Re8 45. Kg4 Re7 46. Ra6 Kf7 47. Ra8 Rd7 48. Rb8 f5+ 49. Kf4 Kf6 50. Rf8+ Rf7 51. Re8 Rd7 52. Rf8+ Ke7 53. Ra8 Rd4+ 54. Kg3 Rg4+ 55. Kh3 Kf6 56. f3 Rg1 57. Rf8+ Ke7 58. Ra8 Rh1+ 59. Kg3 Rxh5 60. Kf4 Rh1 61. Ke5 Re1+ 62. Kd4 Kf6 63. Kd3 Kg5 64. Kd2 Re5 65. Ra4 f4 66. Rb4 Re3 67. Rb6 e5 68. Re6 Kf5 69. Re7 Kf6 70. Re8 Rxf3 71. Ke2 Re3+ 72. Kf2 g5 73. Ra8 g4 74. Ra6+ Kg5 75. Ra5 g3+ 76. Kf1 f3 77. Ra1 h5 78. Rb1 h4 79. Ra1 h3 80. Ra6 g2+ 81. Kf2 Rb3 82. Ra1 h2 0-1

[Event "Regionalliga NO 9900"]
[Site "Bayern"]
[Date "2000.??.??"]
[Round "9.5"]
[White "Wasl, Ernst"]
[Black "Schatz, Werner"]
[Result "1-0"]
[WhiteElo "2015"]
[BlackElo "1947"]
[PlyCount "97"]
[EventDate "1999.??.??"]
[EventType "team-tourn"]
[EventRounds "9"]
[EventCountry "GER"]
[SourceTitle "EXT 2020"]
[Source "ChessBase"]
[SourceDate "2019.10.17"]
[SourceVersion "1"]
[SourceVersionDate "2019.10.17"]
[SourceQuality "1"]
[WhiteTeam "Regensburg Fortuna II"]
[BlackTeam "Gunzenhausen"]
[WhiteTeamCountry "GER"]
[BlackTeamCountry "GER"]

1. d4 d6 2. c4 Nf6 3. Nc3 e5 4. Nf3 Nc6 5. d5 Nb8 6. e4 Bg4 7. Be2 Be7 8. 0-0 0-0 9. Ne1 Bxe2 10. Qxe2 c6 11. Nd3 cxd5 12. cxd5 Nbd7 13. Be3 Qb8 14. f3 Bd8 15. a4 Bb6 16. a5 Bxe3+ 17. Qxe3 a6 18. Rfc1 Rc8 19. Na4 Rxc1+ 20. Rxc1 Qd8 21. Nb6 Nxb6 22. Qxb6 Qxb6+ 23. axb6 Kf8 24. Rc7 Rb8 25. b4 Ke8 26. Nb2 Nd7 27. Nc4 Ke7 28. Na5 g6 29. g4 h6 30. h4 f5 31. gxf5 gxf5 32. exf5 Ke8 33. Nxb7 Nxb6 34. Rh7 Nd7 35. Nxd6+ Kd8 36. Nf7+ Kc8 37. Rh8+ Kc7 38. Rxb8 Nxb8 39. Kf2 Nd7 40. Ke3 Nf6 41. d6+ Kc6 42. Nxe5+ Kxd6 43. Kd4 h5 44. Nc4+ Ke7 45. Nb6 Ne8 46. Ke5 Kf7 47. Nd5 Ng7 48. f4 Ne8 49. f6 1-0

[Event "Regionalliga NO 9899"]
[Site "Bayern"]
[Date "1999.??.??"]
[Round "8.1"]
[White "Kustar, Sandor"]
[Black "Wasl, Ernst"]
[Result "1-0"]
[WhiteElo "2395"]
[BlackElo "2035"]
[PlyCount "37"]
[EventDate "1998.??.??"]
[EventType "team-tourn"]
[EventRounds "9"]
[EventCountry "GER"]
[SourceTitle "EXT 2020"]
[Source "ChessBase"]
[SourceDate "2019.10.17"]
[SourceVersion "1"]
[SourceVersionDate "2019.10.17"]
[SourceQuality "1"]
[WhiteTeam "Schwabach"]
[BlackTeam "Regensburg Fortuna II"]
[WhiteTeamCountry "GER"]
[BlackTeamCountry "GER"]

1. Nf3 d5 2. g3 c6 3. Bg2 e6 4. d3 f5 5. Nbd2 Nf6 6. 0-0 Bc5 7. e3 0-0 8. Qe2 b6 9. b3 Qd6 10. a3 a5 11. d4 Bxd4 12. exd4 Ba6 13. c4 Ne4 14. Bb2 a4 15. b4 Nd7 16. Rac1 g5 17. b5 g4 18. bxa6 gxf3 19. Nxf3 1-0

[Event "Regionalliga NO 9899"]
[Site "Bayern"]
[Date "1999.??.??"]
[Round "4.2"]
[White "Schatz, Christian"]
[Black "Wasl, Ernst"]
[Result "1/2-1/2"]
[WhiteElo "1970"]
[BlackElo "2035"]
[PlyCount "128"]
[EventDate "1998.??.??"]
[EventType "team-tourn"]
[EventRounds "9"]
[EventCountry "GER"]
[SourceTitle "EXT 2020"]
[Source "ChessBase"]
[SourceDate "2019.10.17"]
[SourceVersion "1"]
[SourceVersionDate "2019.10.17"]
[SourceQuality "1"]
[WhiteTeam "Gunzenhausen"]
[BlackTeam "Regensburg Fortuna II"]
[WhiteTeamCountry "GER"]
[BlackTeamCountry "GER"]

1. Nf3 d5 2. c4 c6 3. cxd5 cxd5 4. d4 Nf6 5. Nc3 Nc6 6. Bf4 Bf5 7. e3 e6 8. Qb3 Bb4 9. Bb5 Bxc3+ 10. bxc3 0-0 11. Bxc6 bxc6 12. 0-0 Ne4 13. h3 g5 14. Be5 f6 15. Bh2 g4 16. hxg4 Bxg4 17. Qc2 Bxf3 18. gxf3 Ng5 19. Kg2 Qe8 20. f4 Ne4 21. Bg3 Qg6 22. Rh1 Rf7 23. Rh3 Rg7 24. Rah1 Nxg3 25. Qxg6 Nxh1 26. Qxg7+ Kxg7 27. Rxh1 Rb8 28. Rc1 Rb2 29. c4 Rxa2 30. cxd5 cxd5 31. f5 exf5 32. Rc5 f4 33. exf4 a5 34. Rxd5 a4 35. Ra5 a3 36. d5 h6 37. Kf3 f5 38. Ra7+ Kf8 39. d6 Ke8 40. Ra5 Ra1 41. Rxf5 a2 42. Ra5 h5 43. Ra7 h4 44. Kg2 Rd1 45. Rxa2 Rxd6 46. Ra7 Rf6 47. Ra4 Kf7 48. Kh3 Rg6 49. Ra7+ Kg8 50. Ra5 Rf6 51. Kg4 Rh6 52. Kg5 Rb6 53. Ra8+ Kf7 54. Ra7+ Kg8 55. f5 h3 56. Ra3 h2 57. Rh3 Kg7 58. Rxh2 Rb1 59. Rh3 Rf1 60. Rf3 Rg1+ 61. Rg3 Rf1 62. Kf4+ Kf7 63. f3 Re1 64. Rh3 Kg7 1/2-1/2

[Event "Regionalliga NO 9899"]
[Site "Bayern"]
[Date "1999.??.??"]
[Round "7.2"]
[White "Wasl, Ernst"]
[Black "Barthelmann, Klaus"]
[Result "0-1"]
[WhiteElo "2035"]
[BlackElo "2205"]
[PlyCount "118"]
[EventDate "1998.??.??"]
[EventType "team-tourn"]
[EventRounds "9"]
[EventCountry "GER"]
[SourceTitle "EXT 2020"]
[Source "ChessBase"]
[SourceDate "2019.10.17"]
[SourceVersion "1"]
[SourceVersionDate "2019.10.17"]
[SourceQuality "1"]
[WhiteTeam "Regensburg Fortuna II"]
[BlackTeam "Forchheim II"]
[WhiteTeamCountry "GER"]
[BlackTeamCountry "GER"]

1. d4 f5 2. g3 g6 3. Bg2 Nf6 4. Nc3 d5 5. Bf4 c6 6. Nf3 Nbd7 7. Qd2 b5 8. Ne5 Bb7 9. 0-0 Qb6 10. b4 a5 11. a3 Bg7 12. Rfd1 0-0 13. Nxd7 Nxd7 14. Qe3 e5 15. Bh6 f4 16. Bxf4 exf4 17. Qe6+ Rf7 18. e3 Nf8 19. Qd6 Rd8 20. Nxd5 Rxd6 21. Nxb6 fxe3 22. fxe3 axb4 23. axb4 Bh6 24. Rd3 Nd7 25. Nxd7 Rfxd7 26. c3 Re7 27. e4 Rd8 28. Re1 Bg7 29. Rdd1 Ra8 30. Ra1 Rxa1 31. Rxa1 Kf7 32. e5 Ke8 33. Kf2 Kd8 34. Ke2 Kc7 35. g4 Kb6 36. g5 Bc8 37. Ra8 Be6 38. Ke3 h6 39. h4 hxg5 40. hxg5 Bf5 41. Rd8 Kc7 42. Ra8 Kb7 43. Rd8 Rd7 44. Re8 Kb6 45. e6 Rd6 46. e7 Kc7 47. Kf2 Re6 48. Ra8 Rxe7 49. Ra7+ Kd6 50. Rxe7 Kxe7 51. Bxc6 Bd7 52. Be4 Be8 53. Ke3 Ke6 54. Kd3 Bf8 55. c4 Bxb4 56. c5 Be1 57. d5+ Ke5 58. d6 Ke6 59. Bb7 Bf2 0-1